000 01027nas a2200325 4500
001 BR2010004248
003 BR-BrBNA
005 20231205114713.0
007 ta
008 230509b bl.|||p| |||| 00| 00por d
040 _aBR-BrBNA
_bpor
_cBiblioteca Nacional de Agricultura
041 _a(Pt)
072 _aK10
100 1 _aTeixeira, P.C.
100 1 _aRodrigues, H.S.
100 1 _aLima, W.A.A.
100 1 _aRocha, R.N.C.
100 1 _aCunha, R.N.V.
100 1 _aLopes, R.
245 1 _aInfluência da disposição dos tubetes e da aplicação de fertilizantes de liberação lenta, durante o pré-viveiro, no crescimento de mudas de dendezeiro (Elaeis guineensis Jacq.)
650 _aDENDÊ
650 _aADUBAÇÃO
650 _aESPAÇAMENTO
650 _aPRODUÇÃO
650 _aMUDA
650 _aCRESCIMENTO
773 0 _tCiência Florestal (Brazil)
_xISSN 0103-9954
_g(Mar-Jun 2009), v. 19(1-2) p. 157-168
_wBR2010004248
909 _a202311
_bLúcia
_c55
_dLúcia Elande
942 _2AGRIS
_n0
_cANA
999 _c210045
_d210045